| 000 | 01100 a2200265 4500 | ||
|---|---|---|---|
| 999 |
_c200130383 _d30881 |
||
| 001 | 200130383 | ||
| 003 | TR-AnTOB | ||
| 005 | 20231208145148.0 | ||
| 008 | 130828s2013 tu 000 0 | ||
| 020 | _a0816051267 | ||
| 040 |
_aTR-AnTOB _beng _cTR-AnTOB _erda |
||
| 041 | _aeng | ||
| 050 | 0 | 0 |
_aPR25 _b.B33 2003 |
| 090 | _aPR25 .B33 2003 | ||
| 245 | 0 | 0 |
_aBackgrounds to English Literature : _bThe Renaissance / _cPatrick Lee Browne. |
| 246 | _aEnglish literature in its historical,cultural, and social contexts | ||
| 264 | 1 |
_aNew York : _bFacts on File, _c2003 |
|
| 300 |
_a276 p: _bill. (some col.) ; _c26 cm. |
||
| 505 | 1 | _av. 1. The Renaissance / Patrick Lee-Browne -- v. 2. The romantics / Neil King -- v. 3. The Victorians / Aidan Cruttenden -- v. 4. The modernist period, 1900-1945 / Patrick Lee-Browne -- v. 5. Post-war literature 1945 to the present / Caroline Merz and Patrick Lee-Browne | |
| 650 | 0 |
_aLiterature and history _zGreat Britain _992680 |
|
| 650 | 0 |
_aEnglish Literature _xHistory and criticism _934211 |
|
| 651 | 0 |
_aGreat Britain _xCivilization _992684 |
|
| 942 |
_cBK _2lcc |
||